|
|
|
|
| LEADER |
01920cas a2200253 a 4500 |
| 001 |
AALejournalIMF004459 |
| 008 |
230101c9999 xx r poo 0 0eng d |
| 020 |
|
|
|c 5.00 USD
|
| 020 |
|
|
|z 9781451864861
|
| 022 |
|
|
|a 1018-5941
|
| 040 |
|
|
|a BD-DhAAL
|c BD-DhAAL
|
| 100 |
1 |
|
|a Elborgh-Woytek, Katrin.
|
| 245 |
1 |
0 |
|a Beauty Queens and Wallflowers :
|b Currency Unions in the Middle East and Central Asia /
|c Katrin Elborgh-Woytek, Julian Berengaut.
|
| 264 |
|
1 |
|a Washington, D.C. :
|b International Monetary Fund,
|c 2006.
|
| 300 |
|
|
|a 1 online resource (26 pages)
|
| 490 |
1 |
|
|a IMF Working Papers
|
| 500 |
|
|
|a <strong>Off-Campus Access:</strong> No User ID or Password Required
|
| 500 |
|
|
|a <strong>On-Campus Access:</strong> No User ID or Password Required
|
| 506 |
|
|
|a Electronic access restricted to authorized BRAC University faculty, staff and students
|
| 520 |
3 |
|
|a Against the background of the theory of optimum currency areas, the paper analyzes possible sequences for establishing a currency union (CU) in the Middle East and Central Asia region. Between the corner solutions of independent currencies for all countries in the region and a CU comprising all countries, a large number of combinations of member countries in the CU is possible. The analysis aims to determine the composition of potential CUs as a function of the country initiating the CU, an exogenously determined number of currencies in the region, and the weight attached to the particular selection criteria. Within this framework, the study seeks to establish whether some countries are consistently selected at early stages of the process, while others join only at later stages.
|
| 538 |
|
|
|a Mode of access: Internet
|
| 700 |
1 |
|
|a Berengaut, Julian.
|
| 830 |
|
0 |
|a IMF Working Papers; Working Paper ;
|v No. 2006/226
|
| 856 |
4 |
0 |
|z Full text available on IMF
|u http://elibrary.imf.org/view/journals/001/2006/226/001.2006.issue-226-en.xml
|z IMF e-Library
|